| 000 | 00674nam a2200229Ia 4500 | ||
|---|---|---|---|
| 005 | 20260429112259.0 | ||
| 008 | 260429s9999||||xx |||||||||||||| ||und|| | ||
| 020 | _a9789391734954 | ||
| 041 | _aEnglish | ||
| 082 |
_a020.92 _bSAT |
||
| 100 | _aSatija, M. P. | ||
| 245 | 0 |
_aS. R. Ranganathan : _bsome select Indian studies on his life and work / _cM. P. Satija |
|
| 260 |
_aNew Delhi : _bToday & Tomorrow's Printers and Publishers, _c2024. |
||
| 300 | _a333 p.; hb | ||
| 650 | _a Bibliographic studies | ||
| 650 | _a Biography | ||
| 650 | _a Library science | ||
| 650 | _aS. R. Ranganathan | ||
| 700 | _a Chandel, A. S. | ||
| 700 | _a Singh, K. P. | ||
| 942 | _cTB | ||
| 999 |
_c53282 _d53282 |
||